El alzamiento de Neiba : (Registro nro. 13865)

Detalles MARC
000 -LEADER
fixed length control field 01201nam a2200313 a 4500
001 - CONTROL NUMBER
control field
003 - CONTROL NUMBER IDENTIFIER
control field DO-SdBNP
005 - DATE AND TIME OF LATEST TRANSACTION
control field 20211129124614.0
008 - FIXED-LENGTH DATA ELEMENTS--GENERAL INFORMATION
fixed length control field 130305s2012 dr 001 0 spa d
020 ## - INTERNATIONAL STANDARD BOOK NUMBER
International Standard Book Number 9789945074468
040 ## - CATALOGING SOURCE
Original cataloging agency DO-SdBNP
Language of cataloging spa
Transcribing agency BPMSU
082 ## - DEWEY DECIMAL CLASSIFICATION NUMBER
Classification number 972.9304
Item number A162a 2012
Edition number 22
100 1# - MAIN ENTRY--PERSONAL NAME
Personal name Abreu Cardet, José Miguel,
Dates associated with a name 1951-
245 13 - TITLE STATEMENT
Title El alzamiento de Neiba :
Remainder of title acontecimientos y documentos (febrero de 1863) /
Statement of responsibility, etc. José Abreu Cardet, Elia Sintes Gómez.
260 ## - PUBLICATION, DISTRIBUTION, ETC. (IMPRINT)
Place of publication, distribution, etc. Santo Domingo :
Name of publisher, distributor, etc. Archivo General de la Nación,
Date of publication, distribution, etc. 2012.
300 ## - PHYSICAL DESCRIPTION
Extent 252 p. ;
Dimensions 24 cm.
490 0# - SERIES STATEMENT
Series statement Archivo General de la Nación
Volume/sequential designation 151
500 ## - GENERAL NOTE
General note Incluye índice onomástico.
500 ## - GENERAL NOTE
General note Incluye datos biográficos de los autores en las solapas.
504 ## - BIBLIOGRAPHY, ETC. NOTE
Bibliography, etc Incluye bibliografía y notas al pie de páginas.
590 ## - LOCAL NOTE (RLIN)
Local note Inventariado, 2021/VM
651 #4 - SUBJECT ADDED ENTRY--GEOGRAPHIC NAME
Geographic name República Dominicana
General subdivision Historia
Chronological subdivision 1844-1930
651 #4 - SUBJECT ADDED ENTRY--GEOGRAPHIC NAME
Geographic name República Dominicana
General subdivision Historia
Chronological subdivision Restauración,1863-1865
651 #4 - SUBJECT ADDED ENTRY--GEOGRAPHIC NAME
Geographic name Neiba (República Dominicana)
General subdivision Historia Local
700 1# - ADDED ENTRY--PERSONAL NAME
Personal name Sintes Gómez, Elia,
Dates associated with a name 1956-
710 2# - ADDED ENTRY--CORPORATE NAME
Corporate name or jurisdiction name as entry element Archivo General de la Nación (República Dominicana)
910 ## - USER-OPTION DATA (OCLC)
User-option data VMateo V.
942 ## - ADDED ENTRY ELEMENTS (KOHA)
Source of classification or shelving scheme Dewey Decimal Classification
Koha item type Libros
Existencias
Withdrawn status Lost status Source of classification or shelving scheme Damaged status Not for loan Collection code Home library Current library Date acquired Source of acquisition Total Checkouts Full call number Barcode Date last seen Price effective from Koha item type Copy number
    Dewey Decimal Classification     Colección Dominicana Biblioteca Pública Metropolitana Salomé Ureña Biblioteca Pública Metropolitana Salomé Ureña 11/09/2021 Fundacón Juan Bosch   BPMSU CD 972.9304 A162a 2012 BPMSU21110076 11/09/2021 11/09/2021 Libros  
    Dewey Decimal Classification     Colección Dominicana Biblioteca Pública Metropolitana Salomé Ureña Biblioteca Pública Metropolitana Salomé Ureña 11/09/2021 Fundacón Juan Bosch   BPMSU CD 972.9304 A162a 2012 BPMSU21110141 11/29/2021 11/09/2021 Libros e.2